00361nam a22001217a 450000500170000000800410001708200120005810000160007024500810008626000490016730000150021665000080023120210310161236.0210310b ||||| |||| 00| 0 eng d a346.066 aAIYAR, A.N. aREPORTS OF COMPANY CASES INCLUDING CASES ON BANKING AND INSURENCE [VOL-39] aMADRASbCOMPANY LAW INSTITUTE OF INDIAc1969 aI-XVIII, P aLAW